000 00937nam a22002297a 4500
999 _c97606
_d97606
005 20221220110913.0
010 _a 1516EN07 ENG-114197 B-607561-581 ENG-135910
020 _a9789351435785
_c595.00
035 _aEN-97729
035 _aB-607561-581
035 _aEN-119442
037 _bDBAD/PUB
037 _bAsian Book Centre/Ven
_adpl
082 _a000
245 _aGeneral studies (paper-III) civil services (main) examination:
_bTechnology, economic development, bio-diversity, environment, security & disaster management/
260 _aGurgaon
_bLexisNexis
_c2015
270 _a14th Floor, Building No 10, Tower- B, DLF Cyber City, Phase-II,
_bGurgaon
_e122002
300 _avarious pagings.
_c25cm(pbk)
490 _aCATAPULT test prep series
942 _2ddc
_cEN
_mGEN
_h000